[Event "IIFL Wealth 4th Mumbai GM"]
[Site "Mumbai"]
[Date "2019.01.06"]
[Round "8"]
[White "Deshpande, Aniruddha"]
[Black "Ameir, Moheb"]
[Result "1-0"]
[WhiteElo "2167"]
[BlackElo "2327"]
[Annotator "NA"]
[PlyCount "52"]
[EventDate "2018.12.30"]
[EventType "swiss"]
[EventCountry "IND"]
[SourceTitle "playchess.com"]
[Source "ChessBase"]
[SourceQuality "1"]
[TimeControl "40/5400+30:1800+30"]

1. d4 {[%emt 0:00:00]} Nf6 {[%emt 0:00:00]} 2. c4 {[%emt 0:00:05]} g6 {[%emt 0:00:00]} 3. g3 {[%emt 0:00:14]} Bg7 {[%emt 0:00:00]} 4. Bg2 {[%emt 0:00:09]} O-O {[%emt 0:00:09]} 5. Nc3 {[%emt 0:00:16]} d6 {[%emt 0:00:36]} 6. Nf3 {[%emt 0:00:06]} Nc6 {[%emt 0:00:11]} 7. O-O {[%emt 0:00:10]} Bf5 {[%emt 0:00:13]} 8. Bg5 {[%emt 0:05:00]} Ne4 {[%emt 0:00:36]} 9. Nxe4 {[%emt 0:01:07]} Bxe4 {[%emt 0:02:53]} 10. d5 {[%emt 0:01:11]} Bxf3 {[%emt 0:02:14]} 11. exf3 {[%emt 0:03:58]} Nd4 {[%emt 0:00:23]} 12. Re1 {[%emt 0:09:39]} Re8 {[%emt 0:01:53]} 13. Re4 {[%emt 0:01:46]} c5 {[%emt 0:00:17]} 14. dxc6 {[%emt 0:00:13]} Nxc6 {[%emt 0:00:17]} 15. Qd2 {[%emt 0:00:19]} Qc7 {[%emt 0:07:27]} 16. Rd1 {[%emt 0:03:37]} a6 {[%emt 0:00:30]} 17. Bh6 {[%emt 0:02:55]} Bh8 {[%emt 0:05:04]} 18. h4 {[%emt 0:05:39]} Ne5 {[%emt 0:04:11]} 19. b3 {[%emt 0:01:04]} b5 {[%emt 0:05:32]} 20. Qe2 {[%emt 0:11:06]} Rab8 {[%emt 0:20:29]} 21. f4 {[%emt 0:09:02]} Nc6 {[%emt 0:03:37]} 22. f5 {[%emt 0:01:50]} Be5 {[%emt 0:08:13]} 23. cxb5 {[%emt 0:06:15]} Rxb5 {[%emt 0:01:47]} 24. Rc4 {[%emt 0:01:03]} Rc5 {[%emt 0:01:51]} 25. Rxc5 {[%emt 0:02:14]} dxc5 {[%emt 0:00:02]} 26. Bxc6 {[%emt 0:00:17]} Qd8 1-0

[Event "IIFL Wealth 4th Mumbai GM"]
[Site "Mumbai"]
[Date "2019.01.06"]
[Round "8"]
[White "Harshavardhan G B"]
[Black "Shyaamnikhil P"]
[Result "0-1"]
[WhiteElo "2163"]
[BlackElo "2448"]
[Annotator "TA"]
[PlyCount "126"]
[EventDate "2018.12.30"]
[EventType "swiss"]
[EventCountry "IND"]
[SourceTitle "playchess.com"]
[Source "ChessBase"]
[SourceQuality "1"]

{[%evp 12,125,30,31,70,43,66,81,78,70,93,54,166,63,60,64,70,48,47,31,50,30,79,23,27,14,25,21,46,47,72,65,73,72,70,29,30,0,70,74,195,156,106,0,0,0,0,-12,-31,-17,0,0,10,-7,0,-46,0,-293,-286,-415,-395,-460,-436,-415,-441,-452,-438,-525,-540,-608,-606,-798,-754,-992,-941,-833,-616,-542,-501,-479,-470,-442,-393,-759,-759,-2320,-2118,-1770,-1763,-2309,-2216,-2081,-2015,-29987,-29987,-29988,-29987,-29989,-29977,-29988,-29987,-29992,-29993,-29993,-29993,-29994,-29995,-29995,-29996,-29996,-29997,-29997,-29998,-29998,-29999,-29999]} 1. d4 f5 2. Nf3 Nf6 3. g3 g6 4. Bg2 Bg7 5. c4 d6 6. O-O {A87: Dutch Defence: Leningrad System: 5 Nf3} c6 7. Nc3 {LiveBook: 69 Games} a5 $146 ({Predecessor:} 7... O-O 8. b3 Qa5 9. Qd2 e5 10. Rd1 Re8 11. a4 Qc7 12. dxe5 dxe5 13. Ba3 e4 14. Bd6 Qd8 15. Ne5 Nbd7 16. Nxd7 Qxd7 {0-1 (35) Edouard,R (2666)-Nakamura,H (2784) Geneve 2013}) 8. d5 {White is slightly better.} e5 9. e4 O-O 10. exf5 gxf5 11. Nh4 c5 (11... f4 $14) 12. f4 (12. Bh3 $18) 12... e4 $14 13. Bh3 Ne8 14. Be3 Na6 15. a3 Bd7 16. Rb1 Qc8 17. Kh1 (17. Na4 $16) 17... Bf6 18. Rg1 Ng7 19. Nb5 Be7 20. Bd2 Bxb5 21. cxb5 Nc7 22. Bc3 Bf6 23. Bxf6 Rxf6 24. b6 Nce8 (24... Nb5 $1 $11) 25. g4 $1 fxg4 (25... Rf8 $16) 26. Bxg4 Qd8 27. Be6+ (27. Qd2 $16) 27... Rxe6 $11 28. dxe6 Qxh4 29. Qd5 $1 {[%csl LRb7,LRe4]} Qe7 30. Qxe4 Ra6 {[%cal Ba8a6,Ba6b6,Bb6b2][%mdl 32]} 31. f5 Rxb6 32. Rbf1 {Hoping for f6!} Qf6 ({Don't blunder} 32... Rxb2 $2 33. f6 $1 $18 {[%mdl 512]}) 33. e7 {Qc4+ is the strong threat.} Rxb2 {Strongly threatening ...Kh8.} (33... Kh8 $5 {[%cal Rb6b2]} 34. Rg2 Rxb2 35. Rxb2 Qxb2 $11) 34. Qe6+ $2 {[%mdl 8192] [#]} (34. Rf4 $11) 34... Kh8 $1 $19 ({But not} 34... Qxe6 $2 35. fxe6 h5 36. Rf7 $18) 35. Qxf6 (35. Qe4 $142) 35... Nxf6 36. Rb1 Rxb1 37. Rxb1 Kg8 38. Rxb7 Nxf5 39. Kg1 Kf7 40. Ra7 c4 41. Rxa5 Nd4 42. Ra8 Kxe7 43. Kf2 Kd7 44. Ke3 Nc6 45. Rf8 Ke6 46. Rc8 Nd5+ 47. Ke4 $2 (47. Kd2 Na5 48. Kc2) 47... Nde7 48. Rh8 d5+ 49. Ke3 d4+ 50. Kd2 c3+ 51. Kc2 Kd5 52. Rxh7 Kc4 {Black mates.} 53. Rh4 Nd5 54. Kc1 Na5 55. Rh8 Nb3+ 56. Kb1 d3 57. Rc8+ Nc5 58. h4 d2 59. Ka2 d1=Q 60. Rb8 Qc2+ 61. Ka1 Nb3+ 62. Rxb3 Kxb3 {[%cal Rc2d1]} 63. a4 Qb2# {Precision: White = 26%, Black = 55%.} ({Black should try} 63... Qd1#) 0-1

[Event "IIFL Wealth 4th Mumbai GM"]
[Site "Mumbai"]
[Date "2019.01.06"]
[Round "8"]
[White "Sekar, B."]
[Black "Bhambure, Shantanu"]
[Result "1/2-1/2"]
[WhiteElo "2137"]
[BlackElo "2223"]
[Annotator "NA"]
[PlyCount "74"]
[EventDate "2018.12.30"]
[EventType "swiss"]
[EventCountry "IND"]
[SourceTitle "playchess.com"]
[Source "ChessBase"]
[SourceQuality "1"]
[TimeControl "40/5400+30:1800+30"]

1. e4 {[%emt 0:00:47]} e5 {[%emt 0:00:00]} 2. Nf3 {[%emt 0:00:05]} Nc6 {[%emt 0:00:00]} 3. Bb5 {[%emt 0:00:05]} a6 {[%emt 0:00:00]} 4. Ba4 {[%emt 0:00:04]} Nf6 {[%emt 0:00:00]} 5. O-O {[%emt 0:00:06]} Be7 {[%emt 0:00:00]} 6. d3 {[%emt 0:00:04]} b5 {[%emt 0:00:55]} 7. Bb3 {[%emt 0:00:02]} d6 {[%emt 0:00:18]} 8. a4 {[%emt 0:00:09]} Bd7 {[%emt 0:03:18]} 9. c3 {[%emt 0:00:09]} O-O {[%emt 0:01:26]} 10. Bc2 {[%emt 0:01:03]} Bg4 {[%emt 0:06:30]} 11. h3 {[%emt 0:01:46]} Bh5 {[%emt 0:01:18]} 12. Nbd2 {[%emt 0:02:31]} Qd7 {[%emt 0:08:19]} 13. Re1 {[%emt 0:01:09]} d5 {[%emt 0:07:57]} 14. exd5 {[%emt 0:07:21]} Qxd5 {[%emt 0:01:28]} 15. Qe2 {[%emt 0:00:14]} Bc5 {[%emt 0:06:23]} 16. Ne4 {[%emt 0:31:14]} Be7 {[%emt 0:03:47]} 17. Ned2 {[%emt 0:01:56]} Bc5 {[%emt 0:07:38]} 18. Bb3 {[%emt 0:09:20]} Qd7 {[%emt 0:03:18]} 19. Ne4 {[%emt 0:02:37]} Be7 {[%emt 0:06:30]} 20. Nxf6+ {[%emt 0:08:23]} Bxf6 {[%emt 0:01:20]} 21. Nxe5 {[%emt 0:00:38]} Nxe5 {[%emt 0:01:17]} 22. Qxh5 {[%emt 0:01:46]} g6 {[%emt 0:01:51]} 23. Qe2 {[%emt 0:06:13]} Nxd3 {[%emt 0:05:32]} 24. Rd1 {[%emt 0:00:05]} Nxc1 {[%emt 0:00:04]} 25. Raxc1 {[%emt 0:00:05]} Qe7 {[%emt 0:01:48]} 26. Qf3 {[%emt 0:02:15]} Be5 {[%emt 0:07:14]} 27. Re1 {[%emt 0:02:28]} bxa4 {[%emt 0:05:25]} 28. Bxa4 {[%emt 0:03:30]} Qf6 {[%emt 0:01:02]} 29. Qe4 {[%emt 0:04:02]} Bd6 {[%emt 0:00:54]} 30. Re3 {[%emt 0:05:24]} Qf4 {[%emt 0:02:44]} 31. g3 {[%emt 0:00:15]} Qxe4 {[%emt 0:00:12]} 32. Rxe4 {[%emt 0:00:01]} Rab8 {[%emt 0:04:04]} 33. b3 {[%emt 0:00:00]} Kg7 {[%emt 0:00:48]} 34. Kg2 {[%emt 0:00:02]} Kg8 {[%emt 0:00:01]} 35. Kg1 {[%emt 0:00:53]} Kg7 {[%emt 0:00:30]} 36. Kg2 {[%emt 0:00:30]} Kg8 {[%emt 0:00:30]} 37. Kg1 {[%emt 0:00:30]} Kg7 {[%emt 0:00:30]} 1/2-1/2

[Event "IIFL Wealth 4th Mumbai GM"]
[Site "Mumbai"]
[Date "2019.01.06"]
[Round "8"]
[White "Snehal, Bhosale"]
[Black "Nepal, Prakash"]
[Result "1-0"]
[WhiteElo "2135"]
[BlackElo "1902"]
[Annotator "NA"]
[PlyCount "93"]
[EventDate "2018.12.30"]
[EventType "swiss"]
[EventCountry "IND"]
[SourceTitle "playchess.com"]
[Source "ChessBase"]
[SourceQuality "1"]
[TimeControl "40/5400+30:1800+30"]

1. d4 {[%emt 0:02:28]} d5 {[%emt 0:00:00]} 2. c4 {[%emt 0:00:22]} c6 {[%emt 0:00:00]} 3. Nf3 {[%emt 0:00:20]} Nf6 {[%emt 0:00:00]} 4. e3 {[%emt 0:00:06]} Bf5 {[%emt 0:01:24]} 5. Nc3 {[%emt 0:04:43]} e6 {[%emt 0:00:59]} 6. Be2 {[%emt 0:06:41]} Nbd7 {[%emt 0:01:24]} 7. O-O {[%emt 0:04:20]} Bd6 {[%emt 0:07:01]} 8. b3 {[%emt 0:01:36]} O-O {[%emt 0:03:13]} 9. Bb2 {[%emt 0:01:05]} Re8 {[%emt 0:00:25]} 10. Rc1 {[%emt 0:10:05]} Ne4 {[%emt 0:14:29]} 11. Nxe4 {[%emt 0:10:37]} Bxe4 {[%emt 0:03:26]} 12. Nd2 {[%emt 0:06:45]} Bg6 {[%emt 0:10:07]} 13. Bf3 {[%emt 0:00:45]} Nf6 {[%emt 0:01:16]} 14. g3 {[%emt 0:06:13]} Bc7 {[%emt 0:06:49]} 15. Qe2 {[%emt 0:02:25]} e5 {[%emt 0:12:01]} 16. dxe5 {[%emt 0:04:33]} Bxe5 {[%emt 0:00:21]} 17. Bxe5 {[%emt 0:00:32]} Rxe5 {[%emt 0:00:02]} 18. cxd5 {[%emt 0:03:51]} Nxd5 {[%emt 0:00:53]} 19. Nc4 {[%emt 0:02:16]} Re7 {[%emt 0:00:32]} 20. Rfd1 {[%emt 0:01:42]} Be4 {[%emt 0:07:24]} 21. Bxe4 {[%emt 0:08:12]} Rxe4 {[%emt 0:00:27]} 22. Qc2 {[%emt 0:01:13]} Qe7 {[%emt 0:02:11]} 23. f3 {[%emt 0:01:58]} Re6 {[%emt 0:00:28]} 24. e4 {[%emt 0:00:14]} Nb6 {[%emt 0:05:31]} 25. Ne3 {[%emt 0:01:52]} Qf6 {[%emt 0:02:16]} 26. Kg2 {[%emt 0:05:45]} h5 {[%emt 0:00:31]} 27. a4 {[%emt 0:01:52]} Rd8 {[%emt 0:05:38]} 28. a5 {[%emt 0:02:48]} Nd7 {[%emt 0:00:37]} 29. f4 {[%emt 0:04:09]} b6 {[%emt 0:10:05]} 30. e5 {[%emt 0:01:27]} Qe7 {[%emt 0:00:28]} 31. Nf5 {[%emt 0:00:31]} Qe8 {[%emt 0:03:13]} 32. Nd4 {[%emt 0:00:37]} Rg6 {[%emt 0:01:12]} 33. Nxc6 {[%emt 0:00:38]} Ra8 {[%emt 0:00:17]} 34. Qe4 {[%emt 0:00:29]} Nc5 {[%emt 0:01:40]} 35. Ne7+ {[%emt 0:01:43]} Kh7 {[%emt 0:00:27]} 36. Rxc5 {[%emt 0:00:23]} Qxe7 {[%emt 0:00:06]} 37. Rcd5 {[%emt 0:01:37]} Rf8 {[%emt 0:00:53]} 38. Rd6 {[%emt 0:01:26]} bxa5 {[%emt 0:00:34]} 39. Qd3 {[%emt 0:00:35]} Qb7+ {[%emt 0:00:23]} 40. Kg1 {[%emt 0:00:00]} f5 {[%emt 0:00:00]} 41. Rxg6 {[%emt 0:02:11]} Kxg6 {[%emt 0:00:48]} 42. Qd6+ {[%emt 0:00:11]} Kf7 {[%emt 0:00:46]} 43. e6+ {[%emt 0:01:27]} Kg8 {[%emt 0:00:21]} 44. e7 {[%emt 0:00:34]} Re8 {[%emt 0:00:56]} 45. Qe6+ {[%emt 0:00:09]} Kh7 {[%emt 0:01:59]} 46. Rd8 {[%emt 0:02:36]} Rxe7 {[%emt 0:13:49]} 47. Qg8+ {[%emt 0:01:23]} 1-0

[Event "IIFL Wealth 4th Mumbai GM"]
[Site "Mumbai"]
[Date "2019.01.06"]
[Round "8"]
[White "Soham Datar"]
[Black "Sarwat, Walaa"]
[Result "1-0"]
[WhiteElo "2134"]
[BlackElo "2276"]
[Annotator "NA"]
[PlyCount "151"]
[EventDate "2018.12.30"]
[EventType "swiss"]
[EventCountry "IND"]
[SourceTitle "playchess.com"]
[Source "ChessBase"]
[SourceQuality "1"]
[TimeControl "40/5400+30:1800+30"]

1. Nf3 {[%emt 0:00:00]} d5 {[%emt 0:01:13]} 2. c4 {[%emt 0:00:00]} dxc4 {[%emt 0:00:41]} 3. Qa4+ {[%emt 0:00:00]} Nd7 {[%emt 0:01:01]} 4. Qxc4 {[%emt 0:00:06]} Ngf6 {[%emt 0:00:51]} 5. d4 {[%emt 0:00:12]} a6 {[%emt 0:04:10]} 6. Bf4 {[%emt 0:03:23]} c5 {[%emt 0:01:04]} 7. dxc5 Qa5+ {[%emt 0:01:09]} 8. b4 {[%emt 0:05:46]} Qd8 {[%emt 0:01:50]} 9. Nc3 {[%emt 0:00:34]} e6 {[%emt 0:01:37]} 10. e4 {[%emt 0:00:34]} b5 {[%emt 0:00:45]} 11. Qb3 {[%emt 0:00:52]} Bb7 {[%emt 0:00:43]} 12. Qc2 Rc8 {[%emt 0:01:42]} 13. Rd1 {[%emt 0:03:18]} Bxc5 {[%emt 0:01:52]} 14. bxc5 {[%emt 0:00:05]} Rxc5 {[%emt 0:00:25]} 15. Qd2 {[%emt 0:03:08]} b4 {[%emt 0:01:08]} 16. Na4 {[%emt 0:00:24]} Nxe4 {[%emt 0:00:45]} 17. Qxd7+ {[%emt 0:06:08]} Qxd7 {[%emt 0:00:50]} 18. Rxd7 {[%emt 0:00:04]} Kxd7 {[%emt 0:01:04]} 19. Nxc5+ {[%emt 0:00:03]} Nxc5 {[%emt 0:00:21]} 20. Bc4 {[%emt 0:00:34]} Bd5 {[%emt 0:03:43]} 21. O-O {[%emt 0:04:13]} Bxc4 {[%emt 0:08:55]} 22. Ne5+ {[%emt 0:00:07]} Ke7 {[%emt 0:01:43]} 23. Nxc4 {[%emt 0:00:07]} Rc8 {[%emt 0:00:41]} 24. Bd6+ {[%emt 0:01:49]} Ke8 {[%emt 0:02:13]} 25. Be5 {[%emt 0:11:19]} Ne4 {[%emt 0:02:11]} 26. Ne3 {[%emt 0:07:34]} f6 {[%emt 0:00:58]} 27. Bb2 {[%emt 0:01:29]} Nc3 {[%emt 0:03:19]} 28. Bxc3 {[%emt 0:00:12]} Rxc3 {[%emt 0:00:19]} 29. Rd1 {[%emt 0:01:32]} a5 {[%emt 0:01:28]} 30. Kf1 {[%emt 0:00:04]} f5 {[%emt 0:01:59]} 31. Rd2 {[%emt 0:03:28]} f4 {[%emt 0:01:45]} 32. Nd1 {[%emt 0:00:05]} Ra3 {[%emt 0:00:55]} 33. f3 {[%emt 0:00:42]} g5 {[%emt 0:03:57]} 34. Ke2 {[%emt 0:01:01]} Kf7 {[%emt 0:00:45]} 35. Nf2 {[%emt 0:00:14]} h5 {[%emt 0:02:55]} 36. Nd3 {[%emt 0:01:43]} Kf6 {[%emt 0:00:55]} 37. h4 {[%emt 0:01:20]} e5 {[%emt 0:00:39]} 38. hxg5+ {[%emt 0:00:04]} Kxg5 {[%emt 0:00:22]} 39. Kf2 {[%emt 0:00:53]} Kf6 {[%emt 0:05:39]} 40. Nc5 {[%emt 0:00:00]} Ke7 {[%emt 0:00:00]} 41. Kg1 {[%emt 0:02:09]} Rc3 {[%emt 0:03:22]} 42. Ne4 {[%emt 0:00:16]} Ra3 {[%emt 0:09:16]} 43. Kh2 {[%emt 0:01:18]} Kf8 {[%emt 0:14:46]} 44. Nc5 {[%emt 0:05:23]} Re3 {[%emt 0:02:52]} 45. Rd8+ {[%emt 0:00:39]} Ke7 {[%emt 0:01:28]} 46. Rd7+ {[%emt 0:01:18]} Kf6 {[%emt 0:01:36]} 47. Rd6+ {[%emt 0:05:10]} Kf7 {[%emt 0:03:05]} 48. Rd2 {[%emt 0:02:33]} Rc3 {[%emt 0:02:59]} 49. Ne4 {[%emt 0:00:11]} Rc1 {[%emt 0:07:28]} 50. Rd5 {[%emt 0:00:52]} a4 {[%emt 0:00:17]} 51. Ra5 {[%emt 0:00:38]} a3 {[%emt 0:00:59]} 52. Rb5 {[%emt 0:01:11]} Rb1 {[%emt 0:02:39]} 53. Nd2 {[%emt 0:01:25]} Rb2 {[%emt 0:00:12]} 54. Nc4 {[%emt 0:00:12]} b3 {[%emt 0:01:14]} 55. axb3 {[%emt 0:00:15]} a2 {[%emt 0:06:02]} 56. Ra5 {[%emt 0:00:16]} Re2 {[%emt 0:00:21]} 57. Nd6+ {[%emt 0:02:01]} Kg6 {[%emt 0:00:54]} 58. Ne4 {[%emt 0:00:38]} Rc2 {[%emt 0:00:15]} 59. Ra6+ {[%emt 0:00:59]} Kg7 {[%emt 0:00:10]} 60. b4 {[%emt 0:00:08]} h4 {[%emt 0:01:04]} 61. b5 {[%emt 0:00:36]} Rb2 {[%emt 0:01:01]} 62. b6 {[%emt 0:00:18]} Kg6 {[%emt 0:02:43]} 63. b7+ {[%emt 0:00:04]} Kh5 {[%emt 0:00:22]} 64. Rxa2 {[%emt 0:00:24]} Rxb7 {[%emt 0:00:25]} 65. Ra5 {[%emt 0:00:06]} Re7 {[%emt 0:00:25]} 66. Kh3 {[%emt 0:00:05]} Re6 {[%emt 0:02:52]} 67. Ra8 {[%emt 0:00:41]} Rb6 {[%emt 0:01:01]} 68. Rh8+ {[%emt 0:00:25]} Kg6 {[%emt 0:00:18]} 69. Rxh4 {[%emt 0:00:24]} Rb2 {[%emt 0:00:34]} 70. Rg4+ {[%emt 0:00:25]} Kf5 {[%emt 0:00:30]} 71. Rg5+ {[%emt 0:00:15]} Ke6 {[%emt 0:00:01]} 72. Kh4 {[%emt 0:01:02]} Rb6 {[%emt 0:02:25]} 73. Kg4 {[%emt 0:01:01]} Rb2 {[%emt 0:00:13]} 74. Rg6+ {[%emt 0:00:07]} Kd5 {[%emt 0:00:27]} 75. Rd6+ {[%emt 0:00:24]} Kc4 {[%emt 0:00:22]} 76. Rd2 {[%emt 0:00:33] Kd5} 1-0

[Event "IIFL Wealth 4th Mumbai GM"]
[Site "Mumbai"]
[Date "2019.01.06"]
[Round "8"]
[White "Vatsal Singhania"]
[Black "Ziatdinov, Raset"]
[Result "1/2-1/2"]
[WhiteElo "2130"]
[BlackElo "2252"]
[Annotator "NA"]
[PlyCount "120"]
[EventDate "2018.12.30"]
[EventType "swiss"]
[EventCountry "IND"]
[SourceTitle "playchess.com"]
[Source "ChessBase"]
[SourceQuality "1"]
[TimeControl "40/5400+30:1800+30"]

1. e4 c5 2. Nf3 Nc6 3. d4 cxd4 4. Nxd4 e5 5. Nb5 a6 6. Nd6+ Bxd6 7. Qxd6 Qf6 8. Qd1 Qg6 9. Nc3 Nf6 10. Qd6 Ng4 {B32: Sicilian: Löwenthal and Kalashnikov Variations} (10... Qg4 11. Be3 Nxe4 12. Nxe4 Qxe4 13. O-O-O Qh4 14. f4 Qe7 15. fxe5 Qxd6 16. exd6 O-O 17. Bb6 Nd8 18. Bc4 {1-0 (38) Karshiev,S (2217)-Kholmirzaev,B (2355) Tashkent 2017}) 11. Qxg6 hxg6 12. Nd5 Rb8 13. h3 Nf6 14. Nxf6+ $146 ({Predecessor:} 14. Bd3 Nxd5 15. exd5 Nb4 16. Be4 d6 17. Bd2 a5 18. a3 {1-0 (50) Cupic,L (2062)-Jerkovic,M (1864) Topusko 2012}) 14... gxf6 15. Be3 b6 16. O-O-O Ke7 17. Rd3 f5 18. exf5 gxf5 19. g3 Nb4 20. Rb3 Nd5 21. Bc5+ d6 22. Ba3 Be6 23. Bg2 Nc7 24. Rd3 Nb5 25. Rhd1 Rhd8 26. Bc6 Nxa3 27. Rxa3 a5 28. Bd5 Bxd5 29. Rxd5 Ke6 30. Rb5 Rh8 31. h4 f4 32. gxf4 Rxh4 33. fxe5 dxe5 34. Kd2 Kf5 35. Ke2 Rc4 36. Raxa5 Re4+ 37. Kf1 Rd8 38. Rxb6 Rd1+ 39. Kg2 Rg4+ 40. Kf3 Rf4+ 41. Ke2 Rc1 42. f3 Rxc2+ 43. Ke3 f6 44. Raa6 Kg5 45. Ra8 Rh2 46. Rg8+ Kf5 47. Rf8 Kg6 48. Rg8+ Kf5 49. Rg3 Rd4 50. Rg1 $1 Rdd2 51. Re1 Rxb2 52. Rxb2 Rxb2 53. Ra1 Ke6 54. a4 Rb3+ 55. Kf2 Kd6 56. a5 Kc7 $11 57. a6 Kb8 58. a7+ Ka8 59. Ra5 Rc3 60. Ke2 Rb3 1/2-1/2

[Event "IIFL Wealth 4th Mumbai GM"]
[Site "Mumbai"]
[Date "2019.01.06"]
[Round "8"]
[White "Pranesh M"]
[Black "Lugovskoy, Maxim"]
[Result "0-1"]
[WhiteElo "2125"]
[BlackElo "2445"]
[Annotator "TA"]
[PlyCount "128"]
[EventDate "2018.12.30"]
[EventType "swiss"]
[EventCountry "IND"]
[SourceTitle "playchess.com"]
[Source "ChessBase"]
[SourceQuality "1"]

{[%evp 9,127,27,58,-69,-25,-55,-25,-30,-19,-47,-31,-71,-71,-64,-70,-81,-52,-79,-68,-179,-173,-139,-152,-204,-178,-286,-244,-234,-230,-231,-234,-238,-235,-225,-191,-194,-201,-374,-379,-384,-363,-374,-320,-307,-302,-442,-464,-504,-504,-446,-421,-626,-634,-626,-621,-603,-570,-652,-651,-850,-835,-857,-835,-6111,-2280,-2135,-1475,-2118,-2121,-29975,-29966,-29959,-29962,-5717,-5701,-5569,-5214,-29970,-29973,-29966,-3684,-29971,-29972,-29967,-29972,-29972,-29973,-29981,-29982,-29981,-29983,-29983,-29984,-29984,-29985,-29985,-29986,-29986,-29986,-29986,-29987,-29987,-29988,-29988,-29989,-29990,-29991,-29992,-29993,-29994,-29994,-29995,-29995,-29996,-29997,-29997,-29997,-29998,-29999,-29999]} 1. e4 c6 2. d4 d5 3. Nc3 g6 4. Be3 Bg7 5. Qd2 Nf6 {LiveBook: 28 Games} 6. Bh6 {B15: Caro-Kann: 3 Nc3: 3...g6 and 3...dxe4 4 Nxe4 Nf6 5 Nxf6+ exf6} (6. e5 $14 Ng4 7. Bf4) 6... Bxh6 7. Qxh6 dxe4 8. O-O-O {Black has an edge.} Qa5 $146 ({Predecessor:} 8... Be6 9. Nh3 Qa5 10. Qg5 Bd5 11. a3 Nbd7 12. Qe3 {0-1 (42) Dewi,A (2264)-Kantsler,B (2427) Budapest 2017}) 9. Nge2 Bg4 10. Re1 Nd5 11. Qg5 Bxe2 12. Bxe2 f6 13. Qg3 Nxc3 14. bxc3 (14. Qxc3 $15 Qxc3 15. bxc3) 14... Nd7 $19 ({Not} 14... Qxa2 15. Qc7 $11) 15. Bc4 f5 16. Kb2 (16. h4 $17) 16... c5 17. Kb1 (17. Bb3 $142) 17... Rf8 18. dxc5 Qxc5 ({Much less strong is} 18... Nxc5 19. Qe5) 19. Bb3 a5 20. a4 Rc8 21. f3 Qxc3 {Threatens to win with ...Qb4.} 22. fxe4 {[#]} f4 $1 {[%cal Rf4g3]} 23. Qg4 $2 (23. Qxc3 {might work better.} Rxc3 24. Rhf1) 23... Ne5 24. Qh3 Qxh3 25. gxh3 Rf6 26. Rd1 Rd8 27. Bd5 (27. Kc1 {was necessary.}) 27... e6 28. Bb3 Rxd1+ 29. Rxd1 {[%mdl 4096] Endgame KRB-KRN} f3 30. Kc1 (30. Kb2 $142 f2 31. Rf1) 30... Ke7 31. Kd2 Rf4 32. Ke3 Rh4 33. Ba2 Rxh3 34. Rb1 Rxh2 35. Rxb7+ Kf6 {Strongly threatening ...Re2+.} 36. Kf4 g5+ (36... f2 $142 37. Bc4 Rh3 38. Rf7+ Nxf7 39. e5+ Nxe5 40. Bf1 g5+ 41. Ke4 Rh1 42. Ke3 Rxf1 43. Ke2 Rc1 44. Kxf2 Rxc2+ 45. Ke1 g4 46. Kf1 g3 47. Ke1 g2 48. Kd1 Rf2 49. Ke1 g1=Q#) 37. Ke3 Re2+ 38. Kd4 f2 39. Rb6 Rd2+ 40. Kc3 f1=Q 41. Rxe6+ Kg7 {( -> ...Qc1)} 42. Kxd2 Qf2+ 43. Kc3 Qc5+ 44. Kb2 Nc4+ (44... Qb4+ $142 45. Bb3 Nc4+ 46. Kb1 Qe1+ 47. Ka2 Qc3 48. Bxc4 Qxc4+ {[%mdl 64] Double Attack} 49. Kb2 Qxe6 50. c4 g4 51. c5 g3 52. c6 g2 53. c7 g1=Q 54. c8=Q Qxc8 55. Ka3 Qb1 56. e5 Qh3#) 45. Kc3 Ne3+ {Black mates.} 46. Kd3 Qxc2+ 47. Kxe3 Qxa2 {KQ-KR} 48. Re5 Qb3+ 49. Kd4 Qxa4+ 50. Kc5 Qb4+ 51. Kc6 Qc3+ 52. Rc5 {[#]} Qxc5+ $1 53. Kxc5 {KP-KP} Kf7 54. Kd6 Ke8 55. Ke5 a4 56. Kf5 a3 57. e5 a2 58. e6 a1=Q 59. e7 Kxe7 60. Kxg5 Qf6+ 61. Kh5 Qg7 62. Kh4 Qg2 63. Kh5 Qg3 64. Kh6 Qg6# {Accuracy: White = 37%, Black = 78%.} 0-1